Statystyki dla Minecraft - Quiz ogólny

Kliknij tutaj aby rozwiązać quiz!

Ogólne statystyki

  • Ten quiz został rozwiązany 615 razy
  • Średni wynik to 6 z 10

Statystyki odpowiedzi

HintOdpowiedź% Poprawnych
Ile biomów znajduje się w Netherze4
88%
Ile jest sposobów na pozyskanie czerwonego barwnika (pojedyńczego)3
84%
Jakimi blokami można uruchomić Magiczną LatarnieŻelazo/Złoto/Szmaragd/Diament/Netherite
72%
W jakiej strukturze znajdziemy ElytryStatek Kresu
67%
Jaka jest szansa na złowienie skarbu podczas łowienia5%
65%
Z jakiego kraju pochodzi twórca MinecraftaSzwecja
61%
Jakiego koloru był specialny Wither którego można było znaleźć w aktualizacji 2.0Rózowego
54%
Jakie efekty daje mikstura żółwiego mistrza (Potion of Turtle Master) [podaj 1]Spowolnienie/Odporność
38%
Blok który jest najczęściej występujący w MinecraftPowietrze
36%
Ma taki sam kształt/teksture co diament (przedmiot)Jajo Żółwia
10%

Rozkład punktacji

Percentyl według liczby udzielonych odpowiedzi

Procent ludzi z każdym wynikiem

Twoja historia wyników

Nie rozwiązałeś tego quizu